Online katalóg knižníc regiónu Turca

20 výnimočných osobností, ktoré zmenili svet (Record no. 21455)

MARC details
000 -LEADER
fixed length control field 03349cam a2200925 4500
001 - CONTROL NUMBER
control field 21455
003 - CONTROL NUMBER IDENTIFIER
control field VRT
005 - DATE AND TIME OF LATEST TRANSACTION
control field 20260302123839.0
008 - FIXED-LENGTH DATA ELEMENTS--GENERAL INFORMATION
fixed length control field 200507s2019 xr o crn 000 0cslo
015 ## - NATIONAL BIBLIOGRAPHY NUMBER
National bibliography number SNBZSA2020/01
020 ## - INTERNATIONAL STANDARD BOOK NUMBER
International Standard Book Number 9788025511824
Qualifying information (viazané)
035 ## - SYSTEM CONTROL NUMBER
System control number urn:nbn:sk:snk-am00dyeq
035 ## - SYSTEM CONTROL NUMBER
System control number urn:nbn:sk:snk-am3i9ga
035 ## - SYSTEM CONTROL NUMBER
System control number 4E9D0F59-A33D-4A54-9664-BD819016ED60
039 #9 - LEVEL OF BIBLIOGRAPHIC CONTROL AND CODING DETAIL [OBSOLETE]
Level of rules in bibliographic description 202005070814
Level of effort used to assign nonsubject heading access points VLOAD
Level of effort used to assign subject headings 202001161235
Level of effort used to assign classification msnk123
Level of effort used to assign subject headings 201911141208
Level of effort used to assign classification msnk06
Level of effort used to assign subject headings 201911071510
Level of effort used to assign classification msvkbb06
040 ## - CATALOGING SOURCE
Original cataloging agency POKPOH
Language of cataloging slo
Transcribing agency POKPOH
Modifying agency SNK
Description conventions rda
041 1# - LANGUAGE CODE
Language code of text/sound track or separate title slo
Language code of original ita
044 ## - COUNTRY OF PUBLISHING/PRODUCING ENTITY CODE
MARC country code xr
ISO country code CZ
072 #7 - SUBJECT CATEGORY CODE
Subject category code 929
Subject category code subdivision Biografie
Source konspekt
072 #7 - SUBJECT CATEGORY CODE
Subject category code 0/9-053.2
Subject category code subdivision Literatúra pre deti a mládež (náučná)
Source konspekt
080 ## - UNIVERSAL DECIMAL CLASSIFICATION NUMBER
Universal Decimal Classification number 929
Edition identifier 2011
080 ## - UNIVERSAL DECIMAL CLASSIFICATION NUMBER
Universal Decimal Classification number 101-051
Edition identifier 2011
080 ## - UNIVERSAL DECIMAL CLASSIFICATION NUMBER
Universal Decimal Classification number 82-051
Edition identifier 2011
080 ## - UNIVERSAL DECIMAL CLASSIFICATION NUMBER
Universal Decimal Classification number 001.894-051
Edition identifier 2011
080 ## - UNIVERSAL DECIMAL CLASSIFICATION NUMBER
Universal Decimal Classification number 001-051
Edition identifier 2011
080 ## - UNIVERSAL DECIMAL CLASSIFICATION NUMBER
Universal Decimal Classification number 001-055.2
Edition identifier 2011
080 ## - UNIVERSAL DECIMAL CLASSIFICATION NUMBER
Universal Decimal Classification number 78.071.1/.2
Edition identifier 2011
080 ## - UNIVERSAL DECIMAL CLASSIFICATION NUMBER
Universal Decimal Classification number 72.071
Edition identifier 2011
080 ## - UNIVERSAL DECIMAL CLASSIFICATION NUMBER
Universal Decimal Classification number 929.731-055.2
Edition identifier 2011
080 ## - UNIVERSAL DECIMAL CLASSIFICATION NUMBER
Universal Decimal Classification number (0:82-322.6)
Edition identifier 2011
080 ## - UNIVERSAL DECIMAL CLASSIFICATION NUMBER
Universal Decimal Classification number (03)82-93-053.4/.6
Edition identifier 2011
100 1# - MAIN ENTRY--PERSONAL NAME
Personal name Cioni, Chiara
Relationship aut
245 10 - TITLE STATEMENT
Title 20 výnimočných osobností, ktoré zmenili svet
Statement of responsibility, etc. texty: Chiara Cioni, Jacopo Olivieri, Rosalba Troiano ; ilustrácie: Giovanni Abeille, Letizia Depedri, Marisa Vestita, Marilisa Cotroneo ; preklad: Jana Chrtianska
246 30 - VARYING FORM OF TITLE
Title proper/short title Dvadsať výnimočných osobností, ktoré zmenili svet
250 ## - EDITION STATEMENT
Edition statement 1. vydanie
264 #1 - PRODUCTION, PUBLICATION, DISTRIBUTION, MANUFACTURE, AND COPYRIGHT NOTICE
Place of production, publication, distribution, manufacture Praha
Name of producer, publisher, distributor, manufacturer Rebo International
Date of production, publication, distribution, manufacture, or copyright notice 2019
300 ## - PHYSICAL DESCRIPTION
Extent 88 strán
Other physical details farebné ilustrácie
Dimensions 27 cm
336 ## - CONTENT TYPE
Content type term text
Content type code txt
Source rdacontent
336 ## - CONTENT TYPE
Content type term statický obraz
Content type code sti
Source rdacontent
337 ## - MEDIA TYPE
Media type term bez média
Media type code n
Source rdamedia
338 ## - CARRIER TYPE
Carrier type term zväzok
Carrier type code nc
Source rdacarrier
490 1# - SERIES STATEMENT
Series statement Neobyčajné príbehy
500 ## - GENERAL NOTE
General note Pravdepodobne preložené z taliančiny
504 ## - BIBLIOGRAPHY, ETC. NOTE
Bibliography, etc. note Bibliografia na strane 87
650 07 - SUBJECT ADDED ENTRY--TOPICAL TERM
Topical term or geographic name entry element osobnosti
Source of heading or term SNKPH
650 07 - SUBJECT ADDED ENTRY--TOPICAL TERM
Topical term or geographic name entry element filozofi
Source of heading or term SNKPH
650 07 - SUBJECT ADDED ENTRY--TOPICAL TERM
Topical term or geographic name entry element spisovatelia
Source of heading or term SNKPH
650 07 - SUBJECT ADDED ENTRY--TOPICAL TERM
Topical term or geographic name entry element objavitelia a vynálezcovia
Source of heading or term SNKPH
650 07 - SUBJECT ADDED ENTRY--TOPICAL TERM
Topical term or geographic name entry element vedci
Source of heading or term SNKPH
650 07 - SUBJECT ADDED ENTRY--TOPICAL TERM
Topical term or geographic name entry element vedkyne
Source of heading or term SNKPH
650 07 - SUBJECT ADDED ENTRY--TOPICAL TERM
Topical term or geographic name entry element hudobníci
Source of heading or term SNKPH
650 07 - SUBJECT ADDED ENTRY--TOPICAL TERM
Topical term or geographic name entry element architekti
Source of heading or term SNKPH
650 07 - SUBJECT ADDED ENTRY--TOPICAL TERM
Topical term or geographic name entry element panovníčky
Source of heading or term SNKPH
650 07 - SUBJECT ADDED ENTRY--TOPICAL TERM
Topical term or geographic name entry element Celebrities
Source of heading or term SNKPHeng
650 07 - SUBJECT ADDED ENTRY--TOPICAL TERM
Topical term or geographic name entry element Philosophers
Source of heading or term SNKPHeng
650 07 - SUBJECT ADDED ENTRY--TOPICAL TERM
Topical term or geographic name entry element Authors
Source of heading or term SNKPHeng
650 07 - SUBJECT ADDED ENTRY--TOPICAL TERM
Topical term or geographic name entry element Inventors
Source of heading or term SNKPHeng
650 07 - SUBJECT ADDED ENTRY--TOPICAL TERM
Topical term or geographic name entry element Scientists
Source of heading or term SNKPHeng
650 07 - SUBJECT ADDED ENTRY--TOPICAL TERM
Topical term or geographic name entry element Women scientists
Source of heading or term SNKPHeng
650 07 - SUBJECT ADDED ENTRY--TOPICAL TERM
Topical term or geographic name entry element Musicians
Source of heading or term SNKPHeng
650 07 - SUBJECT ADDED ENTRY--TOPICAL TERM
Topical term or geographic name entry element Architects
Source of heading or term SNKPHeng
650 07 - SUBJECT ADDED ENTRY--TOPICAL TERM
Topical term or geographic name entry element Queens and empresses
Source of heading or term SNKPHeng
655 #7 - INDEX TERM--GENRE/FORM
Genre/form data or focus term biografické príbehy
Source of term SNKPH
655 #7 - INDEX TERM--GENRE/FORM
Genre/form data or focus term publikácie pre deti a mládež
Source of term SNKPH
655 #7 - INDEX TERM--GENRE/FORM
Genre/form data or focus term Biographical stories
Source of term SNKPHeng
655 #7 - INDEX TERM--GENRE/FORM
Genre/form data or focus term Publications for children and youth
Source of term SNKPHeng
700 1# - ADDED ENTRY--PERSONAL NAME
Personal name Olivieri, Jacopo
Relationship aut
700 1# - ADDED ENTRY--PERSONAL NAME
Personal name Troiano, Rosalba
Relationship aut
700 1# - ADDED ENTRY--PERSONAL NAME
Personal name Abeille, Giovanni
Relationship ill
700 1# - ADDED ENTRY--PERSONAL NAME
Personal name Depedri, Letizia
Relationship ill
700 1# - ADDED ENTRY--PERSONAL NAME
Personal name Vestita, Marisa
Relationship ill
700 1# - ADDED ENTRY--PERSONAL NAME
Personal name Cotroneo, Marilisa
Relationship ill
700 1# - ADDED ENTRY--PERSONAL NAME
Personal name Chrtianska, Jana
Relationship trl
830 #0 - SERIES ADDED ENTRY--UNIFORM TITLE
Uniform title Neobyčajné príbehy
942 ## - ADDED ENTRY ELEMENTS (KOHA)
Source of classification or shelving scheme Dewey Decimal Classification
Koha item type Krásna literatúra pre deti
Suppress in OPAC No
949 ## - LOCAL PROCESSING INFORMATION (OCLC)
6 273K0646541
a svkpoC 60253
b svkpo638327
949 ## - LOCAL PROCESSING INFORMATION (OCLC)
6 270001000576582
a svkbbC 64331
b svkbbm 787268
949 ## - LOCAL PROCESSING INFORMATION (OCLC)
6 17A1392741
a snkSB 94816
b snk2019/29418
o Pemic53-ah/1Int. č. fa – 75/2019
s 6100:20191118
949 ## - LOCAL PROCESSING INFORMATION (OCLC)
6 17A1392742
a snkSB 94816 D1
b snk2019/29419
o Pemic53-ah/1Int. č. fa – 75/2019
Holdings
Stav vyradenia Strata Poškodenie Spôsob nadobudnutia Domovská knižnica Aktuálna knižnica Dátum nadobudnutia Total checkouts Čiarový kód exemplára Date last seen Typ exemplára
      Dar Obecná knižnica Turčianska Štiavnička Obecná knižnica Turčianska Štiavnička 02.03.2026   4738000152 02.03.2026 Krásna literatúra pre deti
Projekt je podporený Slovenskou asociáciou knižníc
Prevádzkuje Turčianska knižnica Martin 2026